000 00576nam a2200205 4500
003 OSt
005 20240624082429.0
006 a
008 240624b |||||||| |||| 00| 0 eng d
020 _a971087103
040 _aDWCL-Main lib.
_cOC
082 _aFil. 170 M696t 2010
_2Third edition
100 _aMog, Michael D.
245 _aToward authentic morality /
250 _aThird edition
260 _aManadaluyong City :
_bNational Book Store,
_cc2010.
300 _aviii,
_b222 p. ;
_c22 cm.
650 _a1. Ethics.
942 _2ddc
_n0
_cBK - FIL
_kFil.
_eThird edition
999 _c1257
_d1257